00482nam a2200193 a 4500001001300000003000900013005001700022008004100039020001000080082001500090100001800105245002100123260004200144300000800186500003500194505001100229650003000240700001800270nice12345678IN_TiNIC20260116012657.0050524s1972 lona grp 000 0 eng  ac10000a921.2bBEL aBell, David R aBertrand Russell aLondonbLutterworth Educationalc1972 a64p aincludes index and biblioraphy2 aIndedx aBertrand-Russel Biography1 aBell, David R